000 00487nam a2200145Ia 4500
008 100122s9999 xx 000 0 und d
082 _b17320
_a823
100 _aबेलवलकर वासुदेव
245 _aकळस चढविला मंदिरी
260 _bसंजय प्रकाशन
_c1971
300 _a519
630 _aकळस चढविला मंदिरी
730 _aकळस चढविला मंदिरी
942 _cBOOK
999 _c407082
_d407079